| 000 | 00469nam a2200181Ia 4500 | ||
|---|---|---|---|
| 999 |
_c3120 _d3120 |
||
| 008 | 200103s 2012 ||||xx |||||||||||||| ||und|| | ||
| 020 | _a9788120343146, | ||
| 082 | 0 | 0 |
_a658.4 _bMCG |
| 100 | _aMcGrath, E. H. | ||
| 245 | 0 | _aBasic managerial skills for all | |
| 250 | _a9th Ed. | ||
| 260 |
_bPHI Learning Pvt. Ltd. _c2012 _aNew Delhi |
||
| 300 | _axxiii, 812p. | ||
| 650 | _aHow to Read | ||
| 650 | _aHow to Write | ||
| 650 | _aHow to Learn | ||
| 942 | _cBK | ||